| 000 | 00541 a2200181 4500 | ||
|---|---|---|---|
| 003 | OSt | ||
| 005 | 20231204101934.0 | ||
| 008 | 231204b |||||||| |||| 00| 0 eng d | ||
| 020 | _a9789390574254 | ||
| 040 | _coclc | ||
| 082 |
_a894.8128 _bJAM/S |
||
| 100 |
_aJames, Saji _99979 |
||
| 245 |
_aSilent Valley: _bOru Paristhithi Samarathinte Charithram / _cSaji James |
||
| 250 | _a1st ed. | ||
| 260 |
_aKozhikode: _bMathrubhumi Books, _c2020. |
||
| 300 | _a200p. | ||
| 942 |
_2ddc _cBK _h894.8128 _iJAM/S _k894.8128 _mJAM/S |
||
| 999 |
_c43948 _d43948 |
||